Introducción al estudio de la mecánica, materia y ondas; tratado de mecánica y terminología para los /

Guardado en:
Autor Principal: Ingard, Uno
Otros Autores: Kraushaar, William L.
Formato: Libro
Publicado: Argentina : Reverte, 1966
Materias:
Etiquetas: Agregar Etiqueta
Sin Etiquetas, Sea el primero en etiquetar este registro!
LEADER 00748nam a22002175a 4500
001 CEM.cems003405
005 19000101000000.0
008 130507s1966##################000#0#####d
003 CEMS
082 0 4 |a 530 
100 1 |a Ingard, Uno 
245 1 0 |a Introducción al estudio de la mecánica, materia y ondas; tratado de mecánica y terminología para los /  |c Uno Ingard 
260 |a Argentina :  |b Reverte,  |c 1966 
300 |a 728 p. 
505 0 |a Que es la fisica?. Hidrostatica. Neumostatica. Cinematica. Dinamica. La energia. Dinamica de los fluidos. El calor. Acustica 
653 |a Calor 
653 |a Cinematica 
653 |a Fisica 
653 |a Materia 
700 1 |a Kraushaar, William L. 
859 |a CEMS  |b BIB. CEMS - 11 de abril  |h 530  |i In4  |p 6442.78  |t Ej.1